000 nam a22 a 4500
999 _c3174
_d3174
005 20170519160725.0
008 170519s1993 xxu||||| |||| 00| 0 eng d
020 _a1560521937
040 _aAKMAL
082 _a658.312404 MCA
090 _a658.312404
_bMCA
245 _aDelivering Effective Training Sessions /
_cGeri E. H. McArdle
260 _bCrisp Publications
_c1993
300 _a121 p.
_ccm
942 _2ddc
_cBOOK